Statistics for Countries that start with A

Click here to take the quiz!

General Stats

  • This quiz has been taken 34 times
  • The average score is 10 of 11

Answer Stats

Answer% Correct
Australia
97%
Austria
94%
Argentina
91%
Andorra
91%
Antigua
91%
Azerbaijan
91%
Armenia
88%
Angola
84%
Afghanistan
81%
Albania
81%
Algeria
78%

Score Distribution

Percentile by Number Answered

Percent of People with Each Score

Your Score History

You have not taken this quiz